000 00392nam a22001457a 4500
005 20200611095426.0
008 200611b xxu||||| |||| 00| 0 eng d
082 _a345.4 AIR
110 _aALL INDIA REPORTER,
_95964
245 _aALL INDIA REPORTER, [1975 [VOL-62] BOMBAY SECTION
260 _aBOMBAY
_bALL INDIA REPORTER, PVT. LTD.
300 _a352;p
650 _aLAW
_95701
942 _cJRL
999 _c7025
_d7023